Взаимодействие в системе вода-эндогенные алюмосиликаты и его роль в геологической эволюции Земли; Роль подземной гидросферы в истории Земли

Bibliografiske detaljer
Parent link:Роль подземной гидросферы в истории Земли.— 1990.— С. 32-39
Hovedforfatter: Шварцев С. Л. Степан Львович
Sprog:russisk
Udgivet: 1990
Fag:
Format: MixedMaterials Book Chapter
KOHA link:https://koha.lib.tpu.ru/cgi-bin/koha/opac-detail.pl?biblionumber=154320

MARC

LEADER 00000naa2a2200000 4500
001 154320
005 20231031151837.0
035 |a (RuTPU)RU\TPU\book\167390 
090 |a 154320 
100 |a 20090225d1990 k y0rusy50 ca 
101 0 |a rus 
102 |a RU 
200 1 |a Взаимодействие в системе вода-эндогенные алюмосиликаты и его роль в геологической эволюции Земли  |f С. Л. Шварцев 
320 |a Библиогр.: с. 38-39 
463 0 |0 (RuTPU)RU\TPU\book\167288  |t Роль подземной гидросферы в истории Земли  |o посвящается 100-летию со дня рождения Б. Л. Личкова  |f отв. ред. А. Н. Воронов, А. А. Карцев  |v С. 32-39  |d 1990  |p 137 с. 
610 1 |a труды учёных ТПУ 
700 1 |a Шварцев  |b С. Л.  |c российский гидрогеолог, доктор геолого-минералогических наук  |c профессор Томского политехнического университета, академик РАЕН  |f 1936-  |g Степан Львович  |2 stltpush  |3 (RuTPU)RU\TPU\pers\25914 
801 1 |a RU  |b 63413507  |c 20090225  |g PSBO 
801 2 |a RU  |b 63413507  |c 20100519  |g PSBO 
942 |c BK